आधे घंटे का खुदा / (Record no. 111733)

MARC details
000 -LEADER
fixed length control field 01044nam a22002537a 4500
005 - DATE AND TIME OF LATEST TRANSACTION
control field 20170124102928.0
010 ## - LIBRARY OF CONGRESS CONTROL NUMBER
LC control number B-023476
020 ## - INTERNATIONAL STANDARD BOOK NUMBER
Terms of availability 120.00
035 ## - SYSTEM CONTROL NUMBER
System control number B-023476
037 ## - SOURCE OF ACQUISITION
Source of stock number/acquisition Cen Lib/Ret
040 ## - CATALOGING SOURCE
Original cataloging agency DPL
Language of cataloging HN
082 ## - DEWEY DECIMAL CLASSIFICATION NUMBER
Classification number
Item number कृष्ण
100 ## - MAIN ENTRY--PERSONAL NAME
Personal name कृष्ण चंदर
9 (RLIN) 2125
245 ## - TITLE STATEMENT
Title आधे घंटे का खुदा /
Statement of responsibility, etc कृष्ण चंदर
246 ## - VARYING FORM OF TITLE
Title proper/short title Adhe ghante ka khuda /
Remainder of title by Krishn Chander
260 ## - PUBLICATION, DISTRIBUTION, ETC. (IMPRINT)
Place of publication, distribution, etc दिल्ली
Name of publisher, distributor, etc भारतीय जन सहयोग परिषद्
Date of publication, distribution, etc 2000
270 ## - ADDRESS
Address ३६, चेतक अप्र्त्मेंट , चेतन लेन सेक्टर,९ रोहिणी
City दिल्ली
Postal code 110085
300 ## - PHYSICAL DESCRIPTION
Extent 111पृ.
Dimensions 18सेमी(सजिल्द)
650 ## - SUBJECT ADDED ENTRY--TOPICAL TERM
Topical term or geographic name as entry element हिंदी साहित्य
9 (RLIN) 44280
650 ## - SUBJECT ADDED ENTRY--TOPICAL TERM
Topical term or geographic name as entry element हिंदी कहानियां
9 (RLIN) 2082
650 ## - SUBJECT ADDED ENTRY--TOPICAL TERM
Topical term or geographic name as entry element Hindi literature
9 (RLIN) 44281
650 ## - SUBJECT ADDED ENTRY--TOPICAL TERM
Topical term or geographic name as entry element Hindi stories
9 (RLIN) 44282
942 ## - ADDED ENTRY ELEMENTS (KOHA)
Source of classification or shelving scheme Dewey Decimal Classification
Koha item type Hindi Books
Classification part
Call number suffix कृष्ण
Holdings
Withdrawn status Lost status Damaged status Not for loan Home library Current library Date acquired Source of acquisition Cost, normal purchase price Total Checkouts Full call number Barcode Date last seen Date checked out Copy number Cost, replacement price Price effective from Koha item type
        Central Library Central Library 05/08/2015 Cen Lib/Ret 120.00 4 क कृष्ण B-023476 13/09/2018 26/08/2018 1 120.00 05/08/2015 Hindi Books

© Delhi Public Library
Hit Counter
free hit counter